La Revolución Francesa y Santander / (Record no. 144003)

MARC details
000 -LEADER
campo de control de longitud fija 00549nam a2200169 4500
001 - NÚMERO DE CONTROL
campo de control 144003
003 - IDENTIFICADOR DE NÚMERO DE CONTROL
campo de control ES-MaACL
005 - FECHA Y HORA DE LA ÚLTIMA TRANSACCIÓN
campo de control 20230906200925.0
007 - CAMPO FIJO DE DESCRIPCIÓN FÍSICA--INFORMACIÓN GENERAL
campo de control de longitud fija t|
008 - DATOS DE LONGITUD FIJA--INFORMACIÓN GENERAL
campo de control de longitud fija 070214s1971 sp r ||||1| spa d
100 1# - ENTRADA PRINCIPAL--NOMBRE DE PERSONA
Nombre de persona Simón Cabarga, José.
9 (RLIN) 106542
245 13 - MENCIÓN DEL TÍTULO
Título La Revolución Francesa y Santander /
Mención de responsabilidad, etc. José Simón Cabarga.
260 ## - PUBLICACIÓN, DISTRIBUCIÓN, ETC.
Lugar de publicación, distribución, etc. Santander :
Nombre del editor, distribuidor, etc. Institución Cultural de Cantabria,
Fecha de publicación, distribución, etc. 1971 (
Fabricante Imp. Provincial)
300 ## - DESCRIPCIÓN FÍSICA
Extensión 55 p. ;
Dimensiones 25 cm.
710 2# - ENTRADA AGREGADA--NOMBRE DE ENTIDAD CORPORATIVA
Nombre de entidad corporativa o nombre de jurisdicción como elemento de entrada Institución Cultural de Cantabria.
9 (RLIN) 4712
852 ## - LOCALIZACIÓN
Ubicación ES-MaACL
Número de control de estantería 2083-F-22
Sublocalización o colección R.80188
Holdings
Estatus retirado Estado de pérdida Estado de daño No para préstamo Colección Biblioteca de origen Biblioteca actual Ubicación en estantería Fecha de adquisición Fuente de adquisición Total de préstamos Signatura topográfica completa Código de barras Visto por última vez Precio de reemplazo Tipo de ítem Koha
        Colección de folletos Biblioteca del Ateneo de Madrid Biblioteca del Ateneo de Madrid Depósito folletos 17/01/2008     2083-F-22 1149826 23/02/2023 23/02/2023 Folleto